Obras completas de Leonardo Polo (Registro nro. 36496)

Detalles MARC
000 -CABECERA
Longitud fija campo de control 00670nam a22002057a 4500
003 - IDENTIFICADOR DELl NÚMERO DE CONTROL
Identificador del número de control OSt
005 - FECHA Y HORA DE LA ÚLTIMA TRANSACCIÓN
Fecha y hora de la última transacción 20260601154332.0
008 - CÓDIGOS DE INFORMACIÓN DE LONGITUD FIJA
Códigos de información de longitud fija 260220b ||||| |||| 00| 0 eng d
040 ## - FUENTE DE LA CATALOGACIÓN
Centro transcriptor BCRI
082 ## - NÚMERO DE LA CLASIFICACIÓN DECIMAL DEWEY
Númeroo de clasificación 128
100 1# - PUNTO DE ACCESO PRINCIPAL-NOMBRE DE PERSONA
9 (RLIN) 954
Nombre de persona Polo, Leonardo
245 10 - MENCIÓN DE TÍTULO
Título Obras completas de Leonardo Polo
Mención de responsabilidad, etc. Leonardo Polo, edición y presentación María Idoya Zorroza
Número de parte o sección de la obra XVIII
Nombre de parte o sección de la obra El hombre en la historia; ayudar a crecer; antropología de la acción directiva
250 ## - MENCIÓN DE EDICIÓN
Mención de edición 1ª ed
260 ## - PUBLICACIÓN, DISTRIBUCIÓN, ETC. (PIE DE IMPRENTA)
Lugar de publicación, distribución, etc. Pamplona
Nombre del editor, distribuidor, etc. EUNSA
Fecha de publicación, distribución, etc. 2019
300 ## - DESCRIPCIÓN FÍSICA
Extensión 378 p.
Dimensiones 24 cm.
490 ## - MENCIÓN DE SERIE
Mención de serie Serie A
Designación de volumen o secuencia XVIII
650 #0 - PUNTO DE ACCESO ADICIONAL DE MATERIA - TÉRMINO DE MATERIA
9 (RLIN) 2329
Término de materia o nombre geográfico como elemento inicial Antropología filosófica
700 ## - PUNTO DE ACCESO ADICIONAL - NOMBRE DE PERSONA
Nombre de persona Zorroza, María Idoya
9 (RLIN) 50207
942 ## - ENTRADA DE ELEMENTOS AGREGADOS (KOHA)
Fuente de clasificaión o esquema Dewey Decimal Classification
Koha [por defecto] tipo de item 1- Monografias
Existencias
Suprimido Perdido Fuente de clasificación o esquema Estropeado Restricciones de uso No para préstamo Código de colección Localización permanente Localización actual Localización en estanter&íacute;as Fecha adquisición Fuente de adquisición Préstamos totales Signatura completa Código de barras Fecha última consulta Coste, precio reemplazado Fecha del precio de reemplazo Tipo de item de Koha Número de inventario
NULL NULL Dewey Decimal Classification NULL Prestable NULL NULL Biblioteca Centro Regional de Ilobasco Biblioteca Centro Regional de Ilobasco Sala Principal 19/11/2025 Compra-Facultad Multidisciplinaria de Ilobasco   128 POL obr 1054142 20/02/2026 65.00 20/02/2026 1- Monografias  
NULL NULL Dewey Decimal Classification NULL Prestable NULL NULL Biblioteca Centro Regional de Ilobasco Biblioteca Centro Regional de Ilobasco Sala Principal 19/11/2025 Compra-Facultad Multidisciplinaria de Ilobasco   128 POL obr 1054143 20/02/2026 65.00 20/02/2026 1- Monografias  
NULL NULL Dewey Decimal Classification NULL Prestable NULL NULL Biblioteca Centro Regional de Ilobasco Biblioteca Centro Regional de Ilobasco Sala Principal 19/11/2025 Compra-Facultad Multidisciplinaria de Ilobasco   128 POL obr 1054144 20/02/2026 65.00 20/02/2026 1- Monografias  
NULL NULL Dewey Decimal Classification NULL Prestable NULL NULL Biblioteca Miguel de Cervantes - UNICAES Biblioteca Miguel de Cervantes - UNICAES Sala Principal 18/11/2025 Compra-Esc. de Posgrado   128 POL obr 1054265 06/03/2026 65.00 06/03/2026 1- Monografias 036672
NULL NULL Dewey Decimal Classification NULL Prestable NULL NULL Biblioteca Miguel de Cervantes - UNICAES Biblioteca Miguel de Cervantes - UNICAES Sala Principal 18/11/2025 Compra-Esc. de Posgrados   128 POL obr 1054266 06/03/2026 65.00 06/03/2026 1- Monografias 036673
NULL NULL Dewey Decimal Classification NULL Prestable NULL NULL Biblioteca Miguel de Cervantes - UNICAES Biblioteca Miguel de Cervantes - UNICAES Sala Principal 18/11/2025 Compra-Esc. de Posgrados   128 POL obr 1054267 06/03/2026 65.00 06/03/2026 1- Monografias 036674